Normal view MARC view
  • shakir, parveen

Entry Personal Name

Number of records used in: 2

001 - CONTROL NUMBER

  • control field: 102076

003 - CONTROL NUMBER IDENTIFIER

  • control field: NUST

005 - DATE AND TIME OF LATEST TRANSACTION

  • control field: 20221031192529.0

008 - FIXED-LENGTH DATA ELEMENTS

  • fixed length control field: 221031|| aca||aabn | a|a d

040 ## - CATALOGING SOURCE

  • Original cataloging agency: NUST
  • Transcribing agency: NUST

100 ## - HEADING--PERSONAL NAME

  • Personal name: shakir, parveen

670 ## - SOURCE DATA FOUND

  • Source citation: Work cat.: (NUST): shakir, parveen , Inkaar / انکار
© 2023 Central Library, National University of Sciences and Technology. All Rights Reserved.